000 00710nam a2200253 i 4500
001 C2-0149680
003 PPAK
005 20180727131810.0
008 980325s1996 my a|||| ||||| | may d
020 _a9838471542
040 _aPPAK
_beng
_cPPAK
_erda
082 0 4 _a591
_223
090 0 0 _a591
_bBIN
_dK
245 0 0 _aBinatang di padang rumput
264 1 _aKuala Lumpur :
_bBuku Must Sdn Bhd ,
_c1996
300 _a25 pages :
_bcolour illustrations ;
_c26 cm
336 _2rdacontent
_atext
337 _2rdamedia
_aunmediated
338 _2rdacarrier
_avolume
490 1 _aSiri Dunia Haiwan Untuk Kanak-kanak
650 1 0 _aZoology
830 0 _aSiri Dunia Haiwan Untuk Kanak-kanak
942 _ddc
_cB
999 _c47264
_d47264